[Event "ICS rated blitz match"]
[Site "204.178.125.65"]
[Date "1999.09.22"]
[Round "?"]
[White "WEDGE"]
[Black "Hossa"]
[Result "1-0"]
[WhiteElo "1610"]
[BlackElo "1873"]
[PlyCount "115"]
[EventDate "1999.??.??"]

1. d4 Nf6 2. Nf3 g6 3. c4 Bg7 4. Nc3 O-O 5. Bf4 Ng4 6. h3 Nf6 7. e3 d6 8. Be2
Nc6 9. d5 e5 10. Bh2 Nb4 11. a3 Na6 12. Rc1 Bf5 13. g4 Be4 14. Nxe4 Nxe4 15.
Qc2 Ng5 16. Bg3 Nxf3+ 17. Bxf3 Qe7 18. b4 c5 19. b5 Nc7 20. Be4 Ne8 21. h4 a6
22. b6 Nf6 23. g5 Nxe4 24. Qxe4 f5 25. gxf6 Qxf6 26. h5 Qf5 27. Qxf5 Rxf5 28.
hxg6 hxg6 29. a4 Raf8 30. a5 Rf3 31. Ke2 R8f5 32. Rh4 Rf7 33. Rch1 g5 34. Rg4
Kf8 35. Rxg5 R7f6 36. Rh7 Bh6 37. Rh8+ Kf7 38. Rh7+ Kf8 39. Rg4 Bg7 40. Rhxg7
Rf7 41. Rxf7+ Rxf7 42. Rg6 Rf5 43. Rxd6 Ke8 44. Re6+ Kf8 45. Rxe5 Rf6 46. f4
Rg6 47. Kf3 Rd6 48. f5 Rh6 49. Bf4 Rh1 50. Ke4 Rg1 51. d6 Ra1 52. Rxc5 Rd1 53.
Rc7 Ke8 54. Ke5 Rg1 55. Ke6 Kf8 56. Be5 Kg8 57. Rc8+ Kh7 58. Rh8# {
Hossa checkmated} 1-0

[Event "ICS rated blitz match"]
[Site "204.178.125.65"]
[Date "1999.08.28"]
[Round "?"]
[White "WWWebbyTWeasel"]
[Black "Hossa"]
[Result "0-1"]
[WhiteElo "2114"]
[BlackElo "2424"]
[PlyCount "54"]
[EventDate "1999.??.??"]

1. e4 c5 2. Nc3 e6 3. f4 d5 4. Bb5+ Nc6 5. Nf3 Nge7 6. O-O a6 7. Be2 d4 8. Nb1
Ng6 9. d3 Be7 10. Nbd2 Nxf4 11. Nc4 Nxe2+ 12. Qxe2 O-O 13. Bf4 f6 14. e5 b5 15.
Ncd2 Bb7 16. Ne4 fxe5 17. Nxe5 Rxf4 18. Nxc6 Rxf1+ 19. Rxf1 Bxc6 20. Qf3 Qe8
21. Qg3 Bxe4 22. dxe4 Qd7 23. e5 c4 24. Qf3 Rf8 25. Qe4 Rxf1+ 26. Kxf1 d3 27.
Qa8+ 27... Bf8 {WWWebbyTWeasel resigns} 0-1

[Event "ICS rated blitz match"]
[Site "204.178.125.65"]
[Date "1999.10.16"]
[Round "?"]
[White "Weak-mater"]
[Black "Hossa"]
[Result "1-0"]
[WhiteElo "2497"]
[BlackElo "2561"]
[PlyCount "161"]
[EventDate "1999.??.??"]

1. e4 e6 2. d4 d5 3. Nd2 Nf6 4. e5 Nfd7 5. Bd3 c5 6. c3 Nc6 7. Ne2 cxd4 8. cxd4
Qb6 9. Nf3 Bb4+ 10. Bd2 f6 11. exf6 Bxd2+ 12. Qxd2 Nxf6 13. O-O O-O 14. a3 Qc7
15. Rac1 Ng4 16. h3 Rxf3 17. hxg4 Rf8 18. Qc2 h6 19. b4 Qe7 20. b5 Nd8 21. Qc5
Qf6 22. Qd6 Rf7 23. Rc3 Bd7 24. Rc7 Be8 25. Rc3 Qh4 26. f3 Qf6 27. Re1 Qg5 28.
Rec1 Bd7 29. Kh2 Kh8 30. Rc7 Be8 31. Rxf7 Bxf7 32. Qf8+ Bg8 33. Kh3 e5 34. Bf5
exd4 35. f4 Qf6 36. Qxf6 gxf6 37. Nxd4 Bf7 38. Rc7 a6 39. b6 Kg8 40. Bc8 Rb8
41. Nf5 Be6 42. Bxe6+ Nxe6 43. g3 Kf8 44. Rd7 Nc5 45. Rxd5 Ne4 46. Rd7 Nc5 47.
Rh7 Kg8 48. Rc7 Ne4 49. Nxh6+ Kh8 50. Re7 Nc3 51. g5 fxg5 52. Nf7+ Kg8 53. Nxg5
Nd5 54. Re6 Kg7 55. Kg2 Rc8 56. Kf3 Rc4 57. Re5 Nxb6 58. Re7+ Kg8 59. Rxb7 Rc3+
60. Ke4 Nc4 61. Kd4 Rc1 62. a4 Na3 63. Kd5 Rg1 64. Ne4 Kf8 65. f5 Nc2 66. f6
Rd1+ 67. Ke5 Nd4 68. Rb8+ Kf7 69. Ng5+ Kg6 70. Rg8+ Kh5 71. g4+ Kh4 72. Ke4 Nb3
73. f7 Nd2+ 74. Ke3 Nc4+ 75. Ke2 Rd3 76. Kxd3 Ne5+ 77. Ke4 Nxg4 78. f8=Q a5 79.
Rh8+ Nh6 80. Rxh6+ Kxg5 81. Qg7# {Hossa checkmated} 1-0

[Event "ICS rated blitz match"]
[Site "204.178.125.65"]
[Date "1999.10.17"]
[Round "?"]
[White "Weak-mater"]
[Black "Hossa"]
[Result "0-1"]
[WhiteElo "2500"]
[BlackElo "2538"]
[PlyCount "78"]
[EventDate "1999.??.??"]

1. e4 d5 2. exd5 Qxd5 3. Nc3 Qa5 4. d4 Nf6 5. Nf3 Bf5 6. Bc4 Ne4 7. Bd2 Nxd2 8.
Qxd2 Qb4 9. Ne5 e6 10. O-O-O f6 11. Bb5+ c6 12. a3 Qe7 13. Bc4 fxe5 14. dxe5
Nd7 15. Rhe1 O-O-O 16. Kb1 Qh4 17. Qd4 Qxh2 18. g4 Bc5 19. Qd2 Bxg4 20. f3 Qxd2
21. Rxd2 Nb6 22. fxg4 Nxc4 23. Rd3 Bd4 24. Re4 Bxc3 25. Rxc3 Nd2+ 26. Ka2 Nxe4
27. Rd3 Rxd3 28. cxd3 Nf2 29. g5 Nxd3 30. Kb3 Nc5+ 31. Kc4 Kc7 32. Kxc5 Rd8 33.
b3 Rd5+ 34. Kc4 Rxe5 35. g6 hxg6 36. Kd4 Rf5 37. b4 g5 38. a4 Rf4+ 39. Kc5
39... b6# {Weak-mater checkmated} 0-1

[Event "ICS rated blitz match"]
[Site "204.178.125.65"]
[Date "1999.09.19"]
[Round "?"]
[White "WhiteHorse"]
[Black "Hossa"]
[Result "0-1"]
[WhiteElo "2345"]
[BlackElo "2598"]
[PlyCount "100"]
[EventDate "1999.??.??"]

1. e4 c5 2. d4 cxd4 3. c3 dxc3 4. Bc4 cxb2 5. Bxb2 Qb6 6. Qc2 Na6 7. a3 Nc5 8.
Nf3 Nxe4 9. O-O Ngf6 10. Re1 e6 11. Bd4 Qc7 12. Ne5 Bc5 13. Rxe4 Bxd4 14. Rxd4
Qxe5 15. Qd2 d5 16. Nc3 O-O 17. Re1 Qd6 18. Nb5 Qb8 19. Bd3 Bd7 20. Qg5 Bxb5
21. Bxb5 Ne4 22. Qc1 Rc8 23. Qb2 Qc7 24. f3 Qc3 25. Qxc3 Nxc3 26. Bd3 Rc7 27.
Rh4 g6 28. Kf2 Rac8 29. g3 Na2 30. g4 Rc3 31. Be2 Rxa3 32. g5 Nc1 33. Kg3 Re3
34. Rxc1 Rxc1 35. Bb5 Rcc3 36. Rf4 e5 37. Rf6 e4 38. Bd7 Rxf3+ 39. Kg4 h5+ 40.
gxh6 Rxf6 41. h4 e3 42. Kg5 Rf5+ 43. Kg4 Rc4+ 44. Kg3 e2 45. h7+ Kxh7 46. Bxf5
gxf5 47. h5 e1=Q+ 48. Kf3 Rc3+ 49. Kg2 Qe2+ 50. Kh1 50... Rc1# {
WhiteHorse checkmated} 0-1

[Event "ICS rated blitz match"]
[Site "204.178.125.65"]
[Date "1999.09.19"]
[Round "?"]
[White "WhiteHorse"]
[Black "Hossa"]
[Result "0-1"]
[WhiteElo "2358"]
[BlackElo "2585"]
[PlyCount "140"]
[EventDate "1999.??.??"]

1. e4 c5 2. Nf3 Nc6 3. g3 e6 4. Bg2 d5 5. exd5 exd5 6. O-O Bd6 7. d4 Nge7 8. c3
O-O 9. Qc2 Bf5 10. Qd1 Rc8 11. Nbd2 cxd4 12. Nxd4 Nxd4 13. cxd4 Re8 14. Nb3 Qd7
15. Re1 Bh3 16. Bh1 Bb4 17. Bd2 Bg4 18. f3 Bxd2 19. Qxd2 Bh3 20. Nc5 Qc6 21.
Rac1 Nf5 22. g4 Rxe1+ 23. Rxe1 b6 24. Nb3 Nd6 25. Qf2 Qa4 26. Nc1 Rc2 27. Qe3
Qc6 28. Nd3 Qa8 29. Qe7 Qb8 30. Nb4 Rc4 31. Nxd5 h6 32. Nf4 Bxg4 33. fxg4 Rxd4
34. Nh5 Rxg4+ 35. Bg2 a5 36. Ng3 Rd4 37. Rf1 Rd2 38. Rf2 Rxf2 39. Kxf2 Nc4 40.
Qe2 Qf4+ 41. Bf3 Qd4+ 42. Kg2 Qxb2 43. Qxb2 Nxb2 44. Ne4 g6 45. Be2 f5 46. Nd6
Kg7 47. Nc8 Na4 48. Bb5 Nc3 49. Bc4 b5 50. Bd5 Nxd5 51. Nd6 Nc3 52. Kf3 b4 53.
Ke3 Nxa2 54. Kd3 a4 55. Kc2 Nc3 56. Kb2 a3+ 57. Kb3 a2 58. Kb2 f4 59. Nc4 f3
60. Ne3 f2 61. Nf1 b3 62. h3 Kf6 63. h4 Ke5 64. Ne3 Nd1+ 65. Nxd1 a1=Q+ 66.
Kxa1 f1=Q 67. Kb2 Qxd1 68. Ka3 b2 69. Kb4 b1=Q+ 70. Kc5 70... Qdc1# {
WhiteHorse checkmated} 0-1

[Event "ICS rated blitz match"]
[Site "204.178.125.65"]
[Date "1999.09.18"]
[Round "?"]
[White "WhiteHorse"]
[Black "Hossa"]
[Result "0-1"]
[WhiteElo "2408"]
[BlackElo "2550"]
[Annotator "Fritz 5.32 (20s)"]
[PlyCount "136"]
[EventDate "1999.??.??"]

1. d4 1... Nf6 {Opening = A45 - 1.d4 Nf6 2.---} 2. a3 (2. h3 d5 (2... e6 3. Bf4
d5 4. g4 h6 5. Nf3 Nc6 6. Bg2 Bd6 7. Bxd6 cxd6 8. e3 Qb6 9. b3 Ne4 10. O-O O-O
11. Nbd2 Nc3 12. Qe1 Bd7 13. Nb1 Nxb1 14. Qxb1 Rac8 15. Nd2 Qc7 16. Rc1 b5 17.
c4 dxc4 18. Bxc6 Bxc6 19. bxc4 bxc4 20. Rxc4 Qd7 21. Qb4 {
- Kardasiewicz,I-Krus,H/POL-chW 1978/EXT 98 (21)}) 3. c3 g6 4. g4 Bg7 5. Bf4
O-O 6. Nd2 Nfd7 7. Ngf3 c5 8. Qb3 cxd4 9. cxd4 Nb6 10. e3 Nc6 11. a4 a5 12. Rc1
Bd7 13. Bb5 Rc8 14. O-O h5 15. gxh5 Bxh3 16. h6 16... Bf6 {
Basman,M-Hartston,W/Brighton 1980/EXT 99/ - (39)}) (2. e4 Nxe4 3. Nc3 Nxc3 4.
bxc3 c5 5. Nf3 g6 6. h4 Bg7 7. h5 b6 8. hxg6 hxg6 9. Rxh8+ Bxh8 10. Ng5 Bg7 11.
Qg4 e5 12. Bd3 f5 13. Bxf5 gxf5 14. Qh5+ {
1-0 Reynolds,R-Winston,H/Ventura 1971/EXT 98 (14)}) 2... d5 3. e3 Nbd7 4. f4 c5
5. c3 e6 6. Bd3 Bd6 7. Nf3 O-O 8. O-O b6 9. Ne5 a5 10. Qe2 10... c4 {
Schwarz erobert Raum} 11. Bc2 Ba6 12. Nd2 Qe7 13. Rf3 Bb7 14. Rh3 14... b5 $14
(14... h6 $5 $11 {steht zur Diskussion}) 15. Qf3 Rfb8 (15... h6 16. a4 $14) 16.
g4 $11 (16. Nxd7 Qxd7 17. Bxh7+ Nxh7 18. Qh5 $16) 16... Nf8 17. g5 {Raumvorteil
} 17... Bxe5 18. fxe5 $11 {Weiss engt den Gegner ein} (18. dxe5 Ne4 19. Nxe4
dxe4 20. Bxe4 Bxe4 21. Qxe4 21... Rd8 $11) 18... Ne4 19. Qg4 $17 (19. Nxe4 $5 {
ist nicht von der Hand zu weisen} 19... dxe4 20. Qh5 $11) 19... Qxg5 ({
Schwaecher ist} 19... Nxg5 20. Rg3 $16) 20. Qxg5 Nxg5 21. Rg3 h6 22. h4 Ngh7
23. Nf3 b4 24. Nh2 b3 25. Bb1 Kh8 26. Bxh7 Nxh7 27. Ng4 Rg8 28. Bd2 h5 29. Nh2
g5 30. hxg5 Nxg5 31. Kh1 Ne4 32. Rxg8+ 32... Rxg8 {Es droht Matt} 33. Be1 Nc5
34. Bh4 (34. dxc5 $2 {ist nur auf den ersten Blick gut} 34... d4+ 35. Nf3 Bxf3+
36. Kh2 Rg2+ 37. Kh3 37... d3 $19) 34... Nd3 35. Rb1 Kh7 36. Nf3 Rg4 37. Kh2 a4
38. Kh3 Kh6 39. Ne1 Rg1 (39... Re4 40. Ng2 $17) 40. Kh2 40... Nxe1 $15 (40...
Rg6 41. Nxd3 cxd3 42. Bg3 $17) 41. Kxg1 $2 $19 (41. Rxe1 $142 {
ist noch spielbar} 41... Rg4 42. Bd8 $11) 41... Nf3+ 42. Kg2 Nxh4+ 43. Kg3 Nf5+
44. Kf4 Bc6 45. Rh1 h4 46. Rh3 (46. Rg1 46... Bb7 $19) 46... Kg6 47. Kg4 f6 48.
exf6 Kxf6 49. Kf4 Kg6 50. Kg4 Bd7 51. Kf4 (51. Rh2 $19) 51... Nxd4 $1 {das wars
} 52. Ke5 (52. exd4 e5+ 53. Kxe5 Bxh3 54. Kxd5 54... Bf1 $19) (52. cxd4 $4 {
Weiss muss den Springer stehen lassen} 52... e5+ 53. Kxe5 Bxh3 54. Kxd5 c3 55.
bxc3 Bg2+ 56. Kc5 56... b2 $19) 52... Nf5 53. Rh2 Kh5 54. e4 dxe4 55. Kxe4 Kg4
56. Ke5 h3 57. Rd2 Bc8 58. Ke4 Bb7+ 59. Ke5 Bd5 60. Rd1 (60. Rh2 {
waere gleichermassen fruchtlos} 60... Kg3 61. Rxh3+ 61... Kxh3 $19) 60... h2
61. Kf6 61... Ng3 {Will h1 spielen} 62. Rd4+ Ne4+ 63. Ke5 h1=Q 64. Rxe4+ Qxe4+
65. Kd6 Qe3 (65... Qf4+ 66. Kd7 Qf7+ 67. Kd6 Qa7 68. Ke5 Qc5 69. Kf6 Qf8+ 70.
Ke5 Qf4#) 66. Ke7 Qc5+ 67. Kf6 (67. Kd8 {macht keinen grossen Unterschied}
67... Qa7 68. Ke8 Qg7 69. Kd8 Bc6 70. Kc8 Qd7+ 71. Kb8 Qb7#) 67... Qf8+ 68. Ke5
Qf4# 0-1

[Event "ICS rated blitz match"]
[Site "204.178.125.65"]
[Date "1999.09.18"]
[Round "?"]
[White "WhiteHorse"]
[Black "Hossa"]
[Result "0-1"]
[WhiteElo "2431"]
[BlackElo "2527"]
[Annotator "Fritz 5.32 (20s)"]
[PlyCount "86"]
[EventDate "1999.??.??"]

1. d4 1... Nf6 {Opening = A45 - 1.d4 Nf6 2.---} 2. a3 (2. h3 d5 (2... e6 3. Bf4
d5 4. g4 h6 5. Nf3 Nc6 6. Bg2 Bd6 7. Bxd6 cxd6 8. e3 Qb6 9. b3 Ne4 10. O-O O-O
11. Nbd2 Nc3 12. Qe1 Bd7 13. Nb1 Nxb1 14. Qxb1 Rac8 15. Nd2 Qc7 16. Rc1 b5 17.
c4 dxc4 18. Bxc6 Bxc6 19. bxc4 bxc4 20. Rxc4 Qd7 21. Qb4 {
- Kardasiewicz,I-Krus,H/POL-chW 1978/EXT 98 (21)}) 3. c3 g6 4. g4 Bg7 5. Bf4
O-O 6. Nd2 Nfd7 7. Ngf3 c5 8. Qb3 cxd4 9. cxd4 Nb6 10. e3 Nc6 11. a4 a5 12. Rc1
Bd7 13. Bb5 Rc8 14. O-O h5 15. gxh5 Bxh3 16. h6 16... Bf6 {
Basman,M-Hartston,W/Brighton 1980/EXT 99/ - (39)}) (2. e4 Nxe4 3. Nc3 Nxc3 4.
bxc3 c5 5. Nf3 g6 6. h4 Bg7 7. h5 b6 8. hxg6 hxg6 9. Rxh8+ Bxh8 10. Ng5 Bg7 11.
Qg4 e5 12. Bd3 f5 13. Bxf5 gxf5 14. Qh5+ {
1-0 Reynolds,R-Winston,H/Ventura 1971/EXT 98 (14)}) 2... d5 3. e3 Nbd7 4. Bd3
$15 (4. Nf3 4... e6 $11) 4... e5 5. f4 5... e4 {Raumgewinn} 6. Be2 c5 7. c3 Bd6
8. Nh3 O-O 9. Nf2 a5 10. O-O b6 11. b3 Ba6 12. c4 {
Weiss packt die Bauernkette an der Wurzel} 12... cxd4 13. exd4 $15 (13. Qxd4
13... Qe7 $11) 13... Re8 14. Be3 $17 {e4 ist sicher gestoppt} (14. Nc3 Qc7 15.
Nxd5 Nxd5 16. cxd5 16... Bb7 $15) 14... Rc8 15. Nd2 15... Bb7 $15 (15... Qc7
16. cxd5 Nxd5 17. Bxa6 Nxe3 18. Qc1 Bxf4 19. Bxc8 Bxh2+ 20. Kh1 $17) 16. g4 Re7
17. Nh3 Qc7 18. Rc1 $17 (18. g5 $5 {ist bedenkenswert} 18... Ne8 19. Re1 $15)
18... Bxa3 19. Rc2 Bd6 20. Kh1 Bb4 21. g5 Ne8 22. f5 Nd6 (22... b5 23. c5 Qc6
24. Rg1 $17) 23. f6 23... gxf6 {Schwarz haelt das Heft fest in der Hand} 24.
gxf6 Re6 25. Bg4 Rxf6 26. Bf5 $2 $19 (26. Rxf6 $142 26... Nxf6 27. Bxc8 Qxc8
28. Nf4 $15) 26... Bxd2 (26... Rxf5 $6 27. Qg4+ Kf8 28. Rxf5 Nxf5 29. Qxf5 $19)
27. Rxd2 Nxf5 (27... Rxf5 $6 28. Qg4+ Kf8 29. Rxf5 Nxf5 30. Qxf5 $15) 28. Qg4+
$2 (28. Rxf5 $142 28... dxc4 $1 {das war die Absicht} 29. Qh5 $19) 28... Ng7
29. Bf4 (29. Nf4 {kann das Vorangegangene nicht ungeschehen machen} 29... Nf8 (
29... dxc4 $143 30. Rg1 Rg6 31. Nxg6 fxg6 32. bxc4 $19) 30. Rg1 Ng6 31. Nxd5
Bxd5 32. cxd5 32... Re8 $19) 29... Qc6 30. Rg2 (30. Rc1 {
hilft allerdings auch nicht} 30... Rg6 31. Qd1 31... Nf5 $19) 30... Rg6 31. Ng5
(31. Qe2 {aendert nichts mehr} 31... dxc4 32. Bg3 32... Ne6 $19) 31... f6 32.
h4 (32. Rc1 {aendert den traurigen Lauf der Dinge nicht} 32... fxg5 33. Be3
33... Rf8 $19) 32... fxg5 33. Bxg5 (33. hxg5 {waere gleichermassen fruchtlos}
33... dxc4 34. d5 Qb5 35. bxc4 35... Rxc4 $19) 33... h6 $1 {glaenzend gespielt.
} 34. Rf5 (34. Qf4 {nuetzt auch nichts mehr} 34... e3 35. Qf7+ Kh7 36. Bxe3
Rxg2 37. Kxg2 Rf8 38. Qxd7 Qxd7 39. Rxf8 dxc4+ 40. Kf2 40... Qe7 $19) 34... Qe6
35. h5 Qxf5 36. hxg6 Qxg4 37. Rxg4 hxg5 38. Rxg5 dxc4 39. bxc4 e3+ 40. d5 40...
Rxc4 {Mit der Mattdrohung e2} 41. Rg1 Bxd5+ 42. Kh2 (42. Rg2 {
hilft auch nicht mehr} 42... e2 43. Kh2 e1=Q 44. Rf2 Qxf2+ 45. Kh3 Qh4#) 42...
Rh4+ 43. Kg3 Nf5# 0-1

[Event "ICS rated blitz match"]
[Site "204.178.125.65"]
[Date "1999.09.18"]
[Round "?"]
[White "WhiteHorse"]
[Black "Hossa"]
[Result "0-1"]
[WhiteElo "2373"]
[BlackElo "2585"]
[Annotator "Fritz 5.32 (20s)"]
[PlyCount "42"]
[EventDate "1999.??.??"]

1. c3 1... e5 {Opening = 1.---} (1... c6 2. d3 a5 3. e3 e5 4. f3 d5 5. Ne2 f5
6. Nd2 Nf6 7. g3 Bd6 8. Bg2 O-O 9. O-O Kh8 10. Kh1 c5 11. d4 Nc6 12. dxc5 Bxc5
13. Nb3 Ba7 14. a4 Be6 15. f4 e4 16. Nbd4 Qd7 17. Bd2 Bf7 18. Qe1 Bh5 19. h3
Rfe8 20. Kh2 Bxd4 21. Nxd4 Nxd4 22. cxd4 b5 23. axb5 a4 24. Rf2 Qxb5 25. Bf1
Qb6 26. Bc3 Bf3 27. Be2 Ng4+ 28. Kg1 Nxf2 29. Kxf2 Bxe2 30. Qxe2 Rec8 31. Ra3
Rcb8 32. g4 fxg4 33. Qxg4 Qg6 34. Qd7 Qh5 35. Rxa4 Qf3+ 36. Ke1 Qxe3+ 37. Kd1
Qd3+ 38. Kc1 Rxa4 39. Qxa4 39... e3 {0-1 Ortega,R-Ivkov,B/Havana 1962/MCD (39)}
) 2. e3 (2. d4 exd4 3. Qxd4 Nc6 4. Qa4 Nf6 5. Nf3 d5 6. Bg5 Be7 7. e3 O-O 8.
Bd3 Ne4 9. Bxe7 Qxe7 10. Qc2 Bg4 11. Nbd2 Bxf3 12. Nxf3 Rfe8 13. O-O Rad8 14.
Rad1 Rd6 15. Rfe1 Qd7 16. a3 Qg4 17. h3 Qh5 18. c4 Nf6 19. Be2 Qg6 20. Qb3 Na5
21. Qb5 Nxc4 22. Qxb7 Rb6 23. Qxa7 Rxb2 24. Qxc7 Qc2 25. Rc1 Qa4 26. Bxc4 dxc4
27. Ne5 Rf8 28. Nxc4 Ra2 29. e4 h6 30. Qb7 Nh5 31. Qb1 Rxa3 32. Nxa3 Qxa3 33.
Qa1 Qe7 34. Qc3 Qg5 35. Qc5 Qg6 36. Qe3 36... Re8 {
Rodriguez,A-Fernandez,J/San Luis 1992/EXT 98/1-0 (57)}) (2. d3 d5 3. Qc2 Nc6 4.
Nf3 f5 5. Qa4 Bd6 6. e4 Nf6 7. Bg5 fxe4 8. dxe4 dxe4 9. Nfd2 Bf5 10. Bb5 O-O
11. O-O Nd4 12. cxd4 exd4 13. Qb3+ {
- Benjamin,J-Fedorowicz,J/USA-ch 1988/CBM 11 (13)}) (2. Qc2 Nc6 3. g3 d5 4. Bg2
Be6 5. d3 Bd6 6. Nd2 Nf6 7. Ngf3 h6 8. e4 O-O 9. Nf1 Qd7 10. Ne3 Rad8 11. O-O
Ne7 12. Re1 dxe4 13. dxe4 Ng4 14. Nxg4 Bxg4 15. Be3 Qc6 16. Nd2 Bc5 17. Nc4 Bd6
18. Nxd6 Qxd6 19. Qa4 a6 20. Qc4 Be6 21. Qc5 b6 22. Qxd6 Rxd6 23. Bf1 a5 24.
Red1 Rfd8 25. Rxd6 Rxd6 26. Be2 f6 27. Kf1 Kf7 28. Ke1 Nc6 29. f3 Ke7 30. Bd1
Bc4 31. Bc2 Rd8 32. b3 Bd3 33. Rc1 Ba6 34. Rd1 Rxd1+ 35. Bxd1 Nd8 36. Kd2 36...
Kd6 {Bibiloni,J-Castelli,R/Buenos Aires 1968/MCD/ - (73)}) 2... d5 3. d4 Bd6 (
3... e4 4. c4 $11) 4. f4 $15 (4. dxe5 Bxe5 5. Nf3 5... Bf6 $11) 4... exd4 5.
exd4 Ne7 6. Nf3 c5 7. Bd3 O-O 8. O-O Nbc6 9. Ne5 $17 (9. dxc5 $5 $142 {
bedarf naeherer Analyse} 9... Bxc5+ 10. Kh1 $11) 9... cxd4 10. Rf3 $2 $19 (10.
cxd4 $142 10... Qb6 $1 {nun hat Schwarz die besseren Moeglichkeiten} 11. Nxc6
Nxc6 12. Nc3 $15) 10... Bxe5 {Schwarz entwickelt eine toedliche Initiative} (
10... Nxe5 $6 11. fxe5 Bxe5 12. Rf2 $19) 11. fxe5 Bg4 (11... Nxe5 12. Rf2 Ng4
13. Re2 dxc3 14. Qc2 Qb6+ 15. Kh1 $19) 12. Qc2 Bxf3 13. Bxh7+ Kh8 14. gxf3 dxc3
(14... Nxe5 $6 15. Qe2 N7c6 16. Bc2 $19) 15. Bd3 (15. Nxc3 {
aendert den traurigen Lauf der Dinge nicht} 15... g6 (15... Nxe5 $143 16. f4
$19) 16. Bh6 Qb6+ 17. Qf2 Qxf2+ (17... Kxh7 $143 18. Qxb6 axb6 19. Bxf8 Rxf8
20. Re1 $19) 18. Kxf2 Rfe8 (18... Kxh7 $143 19. Bxf8 Rxf8 20. f4 $19) 19. Bxg6
19... Nxg6 $19) 15... Nb4 $1 {die Pointe} 16. Qxc3 {
Die Oeffnung der c-Linie verschafft Schwarz Drohungen} 16... Qb6+ 17. Kg2 Rfc8
18. Qe1 (18. Qd2 {macht keinen grossen Unterschied} 18... Nxd3 19. Nc3 19...
Rc6 $19) 18... Nxd3 {Mit der Mattdrohung Nxe1} 19. Qh4+ Kg8 20. Qxe7 Qf2+ 21.
Kh1 (21. Kh3 {kann das Vorangegangene nicht ungeschehen machen} 21... Qxf3+ 22.
Kh4 Rc4+ 23. Bf4 Qxf4+ 24. Kh3 Qf3#) 21... Rxc1# 0-1

[Event "ICS rated blitz match"]
[Site "204.178.125.65"]
[Date "1999.09.18"]
[Round "?"]
[White "WhiteHorse"]
[Black "Hossa"]
[Result "0-1"]
[WhiteElo "2389"]
[BlackElo "2569"]
[Annotator "Fritz 5.32 (20s)"]
[PlyCount "69"]
[EventDate "1999.??.??"]

1. e3 1... d5 {Opening = D00 -(2.Nc3 Nf6 3.---)} 2. d4 Nf6 3. f4 Nbd7 (3... Bf5
4. Nf3 e6 5. Be2 Be7 6. O-O O-O 7. Nbd2 c5 8. Nh4 Be4 9. Nxe4 Nxe4 10. Nf3 Nc6
11. c3 Rb8 12. a4 a6 13. Ne5 Qc7 14. Bd3 14... f6 {
- Giorgadze,T-Garcia,G/Salamanca 1989/CBM 13 (14)}) 4. Bd3 4... e6 $146 {
Befestigt f5} (4... c5 5. c3 c4 6. Bc2 e6 7. Nf3 Bd6 8. Ne5 Nb6 9. Nd2 a5 10.
O-O a4 11. a3 g6 12. e4 O-O 13. Rf3 dxe4 14. Nxe4 Nxe4 15. Bxe4 f5 16. Bc2 Bxe5
17. fxe5 Bd7 18. Bh6 Rf7 19. Qd2 {
Kalmutzki,M-Fischbach,H/Friedrichroda 1997/EXT 99/1-0 (60)}) 5. Nf3 Bd6 6. c3 {
Ueberdeckt b4} 6... c5 7. Nbd2 Ng4 8. Qe2 cxd4 9. cxd4 Ngf6 10. a3 {Staerkt b4}
10... O-O 11. O-O b6 12. Ne5 Bb7 13. Rf3 Rc8 14. Rh3 14... a5 $14 (14... h6 $5
$15 $142 {ist zu beachten}) 15. g4 $15 (15. Nxd7 Qxd7 16. Bxh7+ Nxh7 17. Qh5
$16) 15... Rc7 $14 (15... Ne4 $5 $15 $142 {und Schwarz spielt mit}) 16. Nf1 $15
(16. g5 Qc8 17. Nxd7 Rxc1+ 18. Rxc1 Qxc1+ 19. Kg2 $18) 16... Qe7 $14 (16... Ne4
$5 $15 $142 {ist eine gute Alternative}) 17. Bd2 $15 (17. g5 $5 $142 {
muss unbedingt geprueft werden} 17... Ne4 18. Bxe4 dxe4 19. Qh5 $14) 17... Rfc8
18. Ng3 (18. Nxd7 Qxd7 (18... Nxd7 19. Bxh7+ Kh8 20. g5 $18) 19. g5 19... Ne4
$14) 18... Nf8 19. Rf1 N6d7 20. g5 {Weiss engt den Gegner ein} 20... Bxe5 $11 (
20... f5 $5 $15) 21. fxe5 $17 {Weiss gewinnt Raum} (21. dxe5 $5 $142 {
muss erwogen werden} 21... Bc6 22. b4 $11) 21... Qxg5 22. e4 Qe7 23. exd5 Bxd5
({Nachteilig ist} 23... exd5 24. Nf5 Qe6 25. Qg2 $16) 24. Qh5 {Droht Matt}
24... f5 25. exf6 Nxf6 26. Qh4 Bc4 27. Bxc4 Rxc4 28. Bg5 (28. Ne4 Ng6 (28...
Rxd4 29. Rxf6 Rcc4 30. Rxf8+ Kxf8 31. Rf3+ Ke8 32. Qh5+ Kd7 33. Rf7 Rxe4 34.
Qb5+ (34. Rxe7+ $6 34... Kxe7 35. Qxh7 35... Kd6 $18) 34... Kd8 35. Qxb6+ (35.
Rxe7 $6 35... Kxe7 36. Qxb6 36... a4 $18) 35... Ke8 36. Rxe7+ Kxe7 37. Bxa5 $18
) 29. Nxf6+ 29... gxf6 $17) 28... Qd7 $15 (28... Ng6 29. Bxf6 gxf6 30. Qxf6
Qxf6 31. Rxf6 Rxd4 32. Ne2 $17 (32. Rxe6 $2 {scheitert an} 32... Rd1+ 33. Kf2
33... Nf4 $19)) 29. Ne2 $2 $19 (29. Bxf6 $142 {sieht noch spielbar aus} 29...
gxf6 30. Nh5 Qxd4+ 31. Qxd4 Rxd4 32. Nxf6+ Kh8 33. b3 $17) 29... Ng6 30. Qf2
Ne4 31. Qe3 (31. Qg2 Qd5 32. Bh4 $19) 31... e5 (31... Nxg5 $6 32. Qxg5 Rc2 33.
Qh5 $17) 32. Rxh7 (32. Qxe4 Qxh3 33. Rf3 $19) 32... Qg4+ 33. Ng3 Kxh7 34. dxe5
(34. Qxe4 {ist der letzte Rettungsanker} 34... Qxg5 35. Qf5 Qe3+ 36. Rf2 $19)
34... Qxg5 35. Qxb6 (35. Qxg5 {wuerde die Partie noch etwas verlaengern} 35...
Nxg5 36. Nf5 Rg4+ 37. Kh1 $19) 0-1

[Event "ICS rated blitz match"]
[Site "204.178.125.65"]
[Date "1999.09.25"]
[Round "?"]
[White "WhiteHorse"]
[Black "Hossa"]
[Result "0-1"]
[WhiteElo "2334"]
[BlackElo "2474"]
[PlyCount "112"]
[EventDate "1999.??.??"]

1. d4 Nf6 2. a3 d5 3. e3 Nbd7 4. f4 c5 5. Nf3 e6 6. c3 cxd4 7. exd4 Bd6 8. Bd3
O-O 9. O-O b6 10. Qe2 Re8 11. Ne5 Bb7 12. Nd2 Qe7 13. Rf3 Rac8 14. Rh3 Rc7 15.
g4 Nf8 16. Rg3 N6d7 17. Ndf3 f6 18. Nxd7 Nxd7 19. g5 fxg5 20. Nxg5 Nf6 21. Rh3
h6 22. Nf3 Rf8 23. Ne5 Bxe5 24. fxe5 Ne4 25. Bxe4 dxe4 26. Be3 Rf3 27. Rg3 Qh4
28. Rxf3 exf3 29. Qf2 Qxf2+ 30. Kxf2 g5 31. Rg1 Kh7 32. h4 gxh4 33. Rh1 Rg7 34.
Rxh4 Rg2+ 35. Kf1 Ba6+ 36. Ke1 Re2+ 37. Kd1 Rxe3 38. Rf4 Bc4 39. Rf6 Bb3+ 40.
Kd2 Re2+ 41. Kd3 Bc2+ 42. Kc4 Bf5 43. Rf7+ Kg6 44. Rf8 f2 45. Rg8+ Kh5 46. Kb5
f1=Q 47. Kc6 Qf3+ 48. Kc7 Rxb2 49. Rc8 Qxc3+ 50. Kb8 Qxa3 51. Rc1 Be4 52. Rc7
Rc2 53. Rd7 Qf8+ 54. Kxa7 Ra2+ 55. Kxb6 Rb2+ 56. Kc7 56... Rb7# {
WhiteHorse checkmated} 0-1

[Event "ICS rated blitz match"]
[Site "204.178.125.65"]
[Date "1999.09.19"]
[Round "?"]
[White "WhiteHorse"]
[Black "Hossa"]
[Result "0-1"]
[WhiteElo "2373"]
[BlackElo "2570"]
[PlyCount "118"]
[EventDate "1999.??.??"]

1. d4 Nf6 2. a3 d5 3. b3 Bg4 4. Nf3 e6 5. e3 Bd6 6. Bb2 O-O 7. Be2 c5 8. Ne5
Bxe2 9. Qxe2 cxd4 10. exd4 Ne4 11. O-O Nc6 12. Nd2 Nxd2 13. Qxd2 Bxe5 14. dxe5
Rc8 15. Kh1 Qh4 16. f4 Qg4 17. Rf3 Ne7 18. Raf1 Nf5 19. Rc3 Rxc3 20. Bxc3 Rc8
21. Rf3 Qh4 22. Rh3 Qe7 23. Bb4 Qc7 24. Rc3 Qd7 25. Rxc8+ Qxc8 26. g4 Nh6 27.
h3 Qd8 28. Kh2 Qh4 29. Qg2 b5 30. Qg3 Qd8 31. Qg2 a5 32. Bd6 f5 33. g5 Nf7 34.
Bc5 g6 35. Qd2 a4 36. bxa4 bxa4 37. Qb4 Qa8 38. Bd4 Qa6 39. Qd2 Qf1 40. Qf2
Qxf2+ 41. Bxf2 h6 42. h4 hxg5 43. hxg5 Kf8 44. Bc5+ Ke8 45. Kg3 Nd8 46. Kf3 Nc6
47. Ke3 Na5 48. Kd4 Kd7 49. Bb4 Nc4 50. c3 Kc6 51. Bf8 Kb5 52. Bb4 Nd2 53. Bf8
Ne4 54. Bb4 Ng3 55. Ke3 Kc4 56. Kf3 Ne4 57. Ke3 Nxc3 58. Kd2 d4 59. Ba5 59...
Nd5 {WhiteHorse resigns} 0-1